| 000 | 00581nam a2200157 i 4500 | ||
|---|---|---|---|
| 001 | 114522 | ||
| 003 | ES-MaACL | ||
| 005 | 20230906190158.0 | ||
| 007 | t| | ||
| 008 | 070307s1957 sp ||||1| spa d | ||
| 100 | 1 |
_aQuadra Salcedo, Andrés de la. _994472 |
|
| 245 | 1 | 0 |
_aArte vasco-atlántido _b: Cueva del Valle de Salcedo (Encartaciones, Vizcaya) / _cAndrés de la Quadra-Salcedo. |
| 260 |
_a[S.l. : _bs.n., _c1957?] ( _eBilbao : _fTalleres El Noticiero Bilbaíno) |
||
| 300 |
_a45 p., 10 h. de lám., 5 h. de gráf. pleg. ; _c24 cm. |
||
| 852 |
_aES-MaACL _j1980-F-11 _bR.40920 |
||
| 999 |
_c114522 _d114522 |
||